000 00276nam a2200121Ia 4500
008 240624s9999 xx 000 0 und d
041 _aeng
082 _a020 BAR
100 _aBARUAH ARUNIMA
245 _aCOMPUTER NETWORKING IN LIBRARIES
260 _c2011
365 _cRS
_b25
999 _c19041
_d19041